00613nam a2200145 a 4500090001600000041000800016100003700024245026300061260004100324300001000365662002300375700004200398942001200440999001500452 aIAVHb01193 aspa aFranco Henao, Luz Adriana992611 aDiagnóstico y análisis de la oferta y demanda actual de tecnologías requeridas para empresas de biocomercio sostenible productoras de conservas frutales amazónicos y heliconias y follajes en la ciudad de Florencia, CaquetábInforme final pasantía aBogotá?bCorpoamazoniabIAVHc2008 a68 p. aColombiacAmazonia aMejía González, Diana4Dir.96065 cIMPRESO c6297d6297